| 000 | 01161nam a2200313 a 4500 | ||
|---|---|---|---|
| 001 | 000112351 | ||
| 003 | CHAP | ||
| 005 | 20220329144259.0 | ||
| 008 | 160304s2016 mx a fsm |||||||spa d | ||
| 010 | _a108812 | ||
| 011 | _a109784 | ||
| 040 | _cCHAP | ||
| 090 | _aTesis | ||
| 100 | 1 |
_aJiménez Velázquez, Perla _9130585 |
|
| 245 | 1 | 0 |
_aModelado de la cinética de degradación de ácidos grasos volátiles/ _h[En línea] _cpor Perla Jiménez Velázquez y Karina Zea Hernández. |
| 260 |
_aChapingo, Méx. : _bEl autor, _c2016. |
||
| 500 | _aPara ver el contenido del material haga clic en la liga | ||
| 502 | _aTesis (Ing. Agroindustrial) -- UACH. Departamento de Ingeniería Agroindustrial | ||
| 590 |
_aE6096MTM _b05 _c20160304 _lUCH01 _h1021 |
||
| 590 |
_aE6096MTM _b05 _c20160304 _lUCH01 _h1031 |
||
| 650 | 1 | 4 |
_aÁcidos grasos _xAnálisis. _9130598 |
| 650 | 1 | 4 |
_aÁcidos grasos _xDegradación. _9130599 |
| 650 | 1 | 4 |
_aTratamiento anaeróbico _xModelos matemáticos. _9130600 |
| 700 | 1 |
_aZea Hernández, Karina _9130586 |
|
| 856 |
_aFinding aid _uhttp://10.13.5.2/tesis/sist112351.pdf _zTeclea aquí |
||
| 901 | _aBK | ||
| 942 | _cTESIS | ||
| 942 | _n0 | ||
| 999 |
_c108812 _d108812 |
||